<?xml version="1.0" encoding="UTF-8"?><marc:collection xmlns:marc="http://www.loc.gov/MARC21/slim">
  <marc:record>
    <marc:leader>00000nam##2200000za#4500</marc:leader>
    <marc:controlfield tag="001">9.679601</marc:controlfield>
    <marc:controlfield tag="003">CaOODSP</marc:controlfield>
    <marc:controlfield tag="005">20200328192902</marc:controlfield>
    <marc:controlfield tag="007">ta</marc:controlfield>
    <marc:controlfield tag="008">150407|1995||||xxc|||||     f|0| 0 fre|d</marc:controlfield>
    <marc:datafield tag="020" ind1=" " ind2=" ">
      <marc:subfield code="a">0-662-80520-8</marc:subfield>
    </marc:datafield>
    <marc:datafield tag="040" ind1=" " ind2=" ">
      <marc:subfield code="a">CaOODSP</marc:subfield>
      <marc:subfield code="b">fre</marc:subfield>
    </marc:datafield>
    <marc:datafield tag="043" ind1=" " ind2=" ">
      <marc:subfield code="a">n-cn---</marc:subfield>
    </marc:datafield>
    <marc:datafield tag="086" ind1="1" ind2=" ">
      <marc:subfield code="a">R72-239/1995F</marc:subfield>
    </marc:datafield>
    <marc:datafield tag="110" ind1="1" ind2=" ">
      <marc:subfield code="a">Canada.</marc:subfield>
      <marc:subfield code="b">Affaires indiennes et du Nord. </marc:subfield>
      <marc:subfield code="b">Direction du pétrole et du gaz du Nord.</marc:subfield>
    </marc:datafield>
    <marc:datafield tag="245" ind1="1" ind2="0">
      <marc:subfield code="a">L'exploration pétrolière et gazière dans le nord du Canada : </marc:subfield>
      <marc:subfield code="b">guide de l'exploration pétrolière et gazière et de son potentiel / </marc:subfield>
      <marc:subfield code="c">Préparé sous la direction de G. R. Morrell. Publié par la Direction du pétrole et du gaz du Nord. </marc:subfield>
    </marc:datafield>
    <marc:datafield tag="260" ind1=" " ind2=" ">
      <marc:subfield code="a">Ottawa - Ontario : </marc:subfield>
      <marc:subfield code="b">Affaires indiennes et du Nord. </marc:subfield>
      <marc:subfield code="c">1995.</marc:subfield>
    </marc:datafield>
    <marc:datafield tag="300" ind1=" " ind2=" ">
      <marc:subfield code="a">115p. : </marc:subfield>
      <marc:subfield code="b">figures, graphiques, références, tableaux ; </marc:subfield>
      <marc:subfield code="c">28 cm.</marc:subfield>
    </marc:datafield>
    <marc:datafield tag="500" ind1=" " ind2=" ">
      <marc:subfield code="a">«Publiée afin de marquer le réouverture de vastes régions du nord à de nouveaux permis de prospection pour la première fois depuis 25 ans, dans les Territoires du Nord-Ouest continentaux. [...] Cette publication offre un aperçu de la majorité des bassins pétroliers potentiels ainsi qu'un résumé plus étoffé de la géologie pétrolière, de l'historique de l'exploration et du potentiel d'hydrocarbures de chaque bassin.»--Préface. N.B.: Le numéro ISBN (0-662-23120-1) imprimé dans cette publication est incorrect.</marc:subfield>
    </marc:datafield>
    <marc:datafield tag="520" ind1="3" ind2=" ">
      <marc:subfield code="a">Publiée afin de marquer le réouverture de vastes régions du nord à de nouveaux permis de prospection pour la première fois depuis 25 ans, dans les Territoires du Nord-Ouest continentaux. [...] Cette publication offre un aperçu de la majorité des bassins pétroliers potentiels ainsi qu'un résumé plus étoffé de la géologie pétrolière, de l'historique de l'exploration et du potentiel d'hydrocarbures de chaque bassin.--Préface</marc:subfield>
    </marc:datafield>
    <marc:datafield tag="563" ind1=" " ind2=" ">
      <marc:subfield code="a">Couverture souple</marc:subfield>
    </marc:datafield>
    <marc:datafield tag="590" ind1=" " ind2=" ">
      <marc:subfield code="a">95-36</marc:subfield>
      <marc:subfield code="b">1995-09-08</marc:subfield>
    </marc:datafield>
    <marc:datafield tag="691" ind1="0" ind2="7">
      <marc:subfield code="a">Pétrole</marc:subfield>
      <marc:subfield code="2">gcpds</marc:subfield>
    </marc:datafield>
    <marc:datafield tag="691" ind1="0" ind2="7">
      <marc:subfield code="a">Gaz naturel</marc:subfield>
      <marc:subfield code="2">gcpds</marc:subfield>
    </marc:datafield>
    <marc:datafield tag="720" ind1="1" ind2=" ">
      <marc:subfield code="a">Morrell, G. R.</marc:subfield>
    </marc:datafield>
    <marc:datafield tag="775" ind1="0" ind2="8">
      <marc:subfield code="t">Petroleum exploration in northern Canada : </marc:subfield>
      <marc:subfield code="w">(CaOODSP)9.645845</marc:subfield>
    </marc:datafield>
    <marc:datafield tag="776" ind1="0" ind2="#">
      <marc:subfield code="t">L'exploration pétrolière et gazière dans le nord du Canada : </marc:subfield>
      <marc:subfield code="w">(CaOODSP)9.641869</marc:subfield>
    </marc:datafield>
    <marc:datafield tag="986" ind1=" " ind2=" ">
      <marc:subfield code="a">QS-8504-000-EE-A1</marc:subfield>
    </marc:datafield>
  </marc:record>
</marc:collection>
